Vista normal
Vista MARC
Entrada Materia (tema)
Número de registros utilizados en: 3
001 - CONTROL NUMBER
- control field: 50045
003 - CONTROL NUMBER IDENTIFIER
- control field: Co-BoUCM
005 - DATE AND TIME OF LATEST TRANSACTION
- control field: 20131107115918.0
008 - FIXED-LENGTH DATA ELEMENTS
- fixed length control field: 131107|| aca||aabn | a|a d
040 ## - CATALOGING SOURCE
- Original cataloging agency: Co-BoUCM
- Transcribing agency: Co-BoUCM
150 ## - HEADING--TOPICAL TERM
- Topical term or geographic name as entry element: War
- General subdivision: Press coverage.
670 ## - SOURCE DATA FOUND
- Source citation: Work cat.: (Co-BoUCM)182452: Peace journalism, war and conflict resolution, 2010